[Event "Amager Aabne CC-ch B"]
[Site "Amager"]
[Date "2015.04.07"]
[Round "7"]
[White "Petersen, Christian"]
[Black "Pedersen, Thorben Landstrom"]
[Result "0-1"]
[WhiteElo "1685"]
[BlackElo "1504"]
[PlyCount "88"]
[EventDate "2015.01.20"]
[EventType "tourn"]
[EventRounds "7"]
[EventCountry "DEN"]
[SourceTitle "EXT 2023"]
[Source "ChessBase"]
[SourceDate "2022.10.05"]
[SourceVersion "1"]
[SourceVersionDate "2022.10.05"]
[SourceQuality "1"]

1. d4 d5 2. Nf3 e6 3. Bf4 Bd6 4. Bg3 Bxg3 5. hxg3 Nf6 6. e3 c5 7. c3 cxd4 8. exd4 Qb6 9. Qc2 Bd7 10. Nbd2 Bb5 11. Qb3 Bxf1 12. Qxb6 axb6 13. Nxf1 0-0 14. Ne3 b5 15. Ne5 Nc6 16. Nd3 b6 17. f3 Rfe8 18. f4 Ne4 19. g4 f6 20. a3 e5 21. Nxd5 exd4 22. Nc7 Ng3+ 23. Nxe8 Rxe8+ 24. Kd2 Nxh1 25. Rxh1 dxc3+ 26. Kxc3 Re4 27. b4 Rc4+ 28. Kd2 Nd4 29. Rh5 g6 30. Rd5 Kf7 31. Rd7+ Ke6 32. Rxh7 Kd6 33. Rg7 Kd5 34. Rxg6 Rc2+ 35. Kd1 Ke4 36. Ne1 Ra2 37. Nf3 Kd3 38. Ke1 Ke3 39. Kf1 Ra1+ 40. Ne1 Nc2 41. g3 Nxe1 42. Kg1 Nf3+ 43. Kg2 Ra2+ 44. Kf1 Rf2# 0-1

[Event "Amager-ch B"]
[Site "Amager"]
[Date "2014.09.09"]
[Round "4"]
[White "Lundborg, Jakob"]
[Black "Petersen, Christian"]
[Result "0-1"]
[WhiteElo "1656"]
[BlackElo "1520"]
[PlyCount "110"]
[EventDate "2014.08.19"]
[EventType "tourn"]
[EventRounds "7"]
[EventCountry "DEN"]
[SourceTitle "EXT 2023"]
[Source "ChessBase"]
[SourceDate "2022.10.05"]
[SourceVersion "1"]
[SourceVersionDate "2022.10.05"]
[SourceQuality "1"]

1. d4 e6 2. Nf3 d5 3. c4 Nf6 4. Nc3 c6 5. cxd5 exd5 6. Qc2 Bd6 7. Bg5 h6 8. Bxf6 Qxf6 9. e3 Bf5 10. Bd3 Bxd3 11. Qxd3 Nd7 12. a3 Bc7 13. Rc1 0-0 14. Nxd5 Ba5+ 15. Nc3 Rad8 16. 0-0 Qe7 17. b4 Bc7 18. h3 Ne5 19. Nxe5 Qxe5 20. g3 Qg5 21. Ne2 Rfe8 22. Rc5 Qe7 23. Rfc1 Bb6 24. R5c4 Rd6 25. Nf4 a6 26. a4 Red8 27. Qe2 g5 28. Qg4 Kh8 29. Nd3 f6 30. Qh5 Kg7 31. Kg2 Qe4+ 32. Kg1 Qxd3 33. h4 Qg6 34. Qg4 h5 35. Qf3 gxh4 36. Kh2 hxg3+ 37. fxg3 Rh8 38. b5 Qg4 39. Qxg4+ hxg4+ 40. Kg2 axb5 41. axb5 cxb5 42. Rb4 Rc6 43. Rxc6 bxc6 44. d5 cxd5 45. Rxb5 Bxe3 46. Rxd5 Kg6 47. Rd3 Bc1 48. Rc3 Bb2 49. Rb3 Be5 50. Rd3 Rh3 51. Rb3 Rxg3+ 52. Rxg3 Bxg3 53. Kxg3 Kg5 54. Kf2 Kf4 55. Kg2 g3 0-1

[Event "Amager Spring B"]
[Site "Amager"]
[Date "2014.06.03"]
[Round "5"]
[White "Tolba, Henri"]
[Black "Petersen, Christian"]
[Result "1-0"]
[WhiteElo "1330"]
[BlackElo "1497"]
[PlyCount "109"]
[EventDate "2014.04.29"]
[EventType "tourn"]
[EventRounds "5"]
[EventCountry "DEN"]
[SourceTitle "EXT 2023"]
[Source "ChessBase"]
[SourceDate "2022.10.05"]
[SourceVersion "1"]
[SourceVersionDate "2022.10.05"]
[SourceQuality "1"]

1. d4 Nf6 2. c4 g6 3. Nc3 d5 4. cxd5 Nxd5 5. e4 Nxc3 6. bxc3 Bg7 7. Bc4 c5 8. Be3 Nc6 9. Ne2 0-0 10. 0-0 e6 11. Rb1 cxd4 12. cxd4 b6 13. f4 Qe7 14. Qa4 Bb7 15. Bb5 Rfc8 16. Ng3 a6 17. Be2 b5 18. Qd1 f5 19. Bf3 Qa3 20. Qd2 Qa5 21. Qb2 Ne7 22. Qb3 Qb6 23. Kh1 Bxd4 24. Bxd4 Qxd4 25. Qxe6+ Kf8 26. e5 Bxf3 27. Qf6+ Kg8 28. gxf3 Ra7 29. Nh5 gxh5 30. Rg1+ Ng6 31. Qe6+ Kg7 32. Qxc8 Qxf4 33. Qc3 Kf7 34. Rbe1 b4 35. e6+ Kf8 36. Qf6+ Ke8 37. Rxg6 hxg6 38. Qh8+ Ke7 39. Qg7+ Kd6 40. Qxa7 Qxf3+ 41. Kg1 Qg4+ 42. Kf1 Qc4+ 43. Re2 Qc1+ 44. Kf2 Qf4+ 45. Kg1 Qg4+ 46. Kf1 Qh3+ 47. Ke1 Qh4+ 48. Qf2 Qxf2+ 49. Kxf2 Ke7 50. Kf3 g5 51. h3 a5 52. Re5 a4 53. Rxf5 g4+ 54. hxg4 hxg4+ 55. Kxg4 1-0

[Event "Amager-ch B"]
[Site "Amager"]
[Date "2013.10.01"]
[Round "6"]
[White "Petersen, Christian"]
[Black "Tronning, Mark Philip"]
[Result "1-0"]
[WhiteElo "1535"]
[BlackElo "1350"]
[PlyCount "95"]
[EventDate "2013.08.20"]
[EventType "swiss"]
[EventRounds "9"]
[EventCountry "DEN"]
[SourceTitle "EXT 2023"]
[Source "ChessBase"]
[SourceDate "2022.10.05"]
[SourceVersion "1"]
[SourceVersionDate "2022.10.05"]
[SourceQuality "1"]

1. e4 d5 2. exd5 Qxd5 3. Nc3 Qa5 4. b4 Qb6 5. g3 e5 6. a3 Nf6 7. Qe2 Bd6 8. Bg2 c6 9. Nf3 0-0 10. 0-0 Re8 11. d3 Bg4 12. h3 Bh5 13. g4 Bg6 14. Nh4 Nbd7 15. Nxg6 hxg6 16. g5 Nh5 17. Ne4 Be7 18. Be3 Qc7 19. c3 a5 20. Bf3 Nf4 21. Bxf4 exf4 22. h4 f5 23. Qa2+ Kf8 24. Nd2 axb4 25. cxb4 Bxb4 26. Nc4 Ne5 27. Nxe5 Rxe5 28. Qb2 Bd6 29. Rfc1 Re7 30. Kg2 Qd7 31. d4 c5 32. Rh1 cxd4 33. h5 Re6 34. h6 gxh6 35. Rxh6 Be5 36. Re1 Bg7 37. Qb4+ Ke8 38. Rxe6+ Qxe6 39. Rh1 Be5 40. Qxb7 Rb8 41. Rh8+ Bxh8 42. Qxb8+ Kd7 43. Qxh8 Qd6 44. Qg7+ Kd8 45. Qf6+ Qe7 46. Qxe7+ Kxe7 47. Be2 Kd6 48. Kf3 1-0

[Event "Amager-ch B"]
[Site "Amager"]
[Date "2013.09.03"]
[Round "3"]
[White "Larsen, Ulrik Jejlskov"]
[Black "Petersen, Christian"]
[Result "1-0"]
[WhiteElo "1382"]
[BlackElo "1535"]
[PlyCount "71"]
[EventDate "2013.08.20"]
[EventType "swiss"]
[EventRounds "9"]
[EventCountry "DEN"]
[SourceTitle "EXT 2023"]
[Source "ChessBase"]
[SourceDate "2022.10.05"]
[SourceVersion "1"]
[SourceVersionDate "2022.10.05"]
[SourceQuality "1"]

1. d4 Nf6 2. Nf3 g6 3. c4 Bg7 4. Nc3 d5 5. Bg5 c6 6. e3 0-0 7. cxd5 Nxd5 8. Rc1 Re8 9. h3 Qa5 10. a3 f6 11. Bh4 e5 12. Bc4 Kh8 13. dxe5 Nxc3 14. Rxc3 fxe5 15. e4 Be6 16. Bxe6 Rxe6 17. 0-0 c5 18. Rd3 Nc6 19. Qb3 Qa6 20. Rd7 Na5 21. Qd5 Rb8 22. Rd8+ Re8 23. Nxe5 h6 24. Rxb8 Rxb8 25. Rd1 g5 26. Bg3 Rc8 27. Qd7 Rf8 28. Rd6 Qe2 29. Ng6+ Kg8 30. Qe6+ Kh7 31. Nxf8+ Bxf8 32. Rd7+ Bg7 33. Qe5 Qd1+ 34. Rxd1 Bxe5 35. Bxe5 Nc4 36. Bc3 1-0

[Event "Amager-ch B"]
[Site "Amager"]
[Date "2013.08.27"]
[Round "2"]
[White "Petersen, Christian"]
[Black "Brorsen, Kristian"]
[Result "1-0"]
[WhiteElo "1535"]
[BlackElo "1353"]
[PlyCount "77"]
[EventDate "2013.08.20"]
[EventType "swiss"]
[EventRounds "9"]
[EventCountry "DEN"]
[SourceTitle "EXT 2023"]
[Source "ChessBase"]
[SourceDate "2022.10.05"]
[SourceVersion "1"]
[SourceVersionDate "2022.10.05"]
[SourceQuality "1"]

1. d4 d5 2. c4 dxc4 3. Nf3 Nf6 4. Nc3 e6 5. Bg5 Be7 6. e3 h6 7. Bh4 0-0 8. Bxc4 b6 9. 0-0 Ba6 10. Bxa6 Nxa6 11. Qa4 Qc8 12. Bxf6 Bxf6 13. Ne4 Be7 14. Rac1 Nb4 15. a3 Nd5 16. Rc6 Qb7 17. Rfc1 Rac8 18. b4 a6 19. h3 Rfd8 20. Qb3 Kf8 21. Ne5 Nf6 22. Qb1 Nxe4 23. Qxe4 Bf6 24. Qf4 Rd6 25. R6c2 Rd5 26. Rxc7 Rxc7 27. Rxc7 Qb8 28. Nd7+ Rxd7 29. Rxd7 e5 30. dxe5 Ke8 31. Rd5 Be7 32. Qc4 b5 33. Qc6+ Kf8 34. Qxa6 f6 35. Qxb5 Qc7 36. exf6 Bd6 37. fxg7+ Kxg7 38. g3 Bxg3 39. Rd7+ 1-0

[Event "Amager Aabne CC-ch"]
[Site "Amager"]
[Date "2012.01.24"]
[Round "2"]
[White "Petersen, Christian"]
[Black "Hansen, Benny"]
[Result "1-0"]
[WhiteElo "1600"]
[BlackElo "1479"]
[PlyCount "59"]
[EventDate "2012.01.10"]
[EventType "swiss"]
[EventRounds "7"]
[EventCountry "DEN"]
[SourceTitle "EXT 2023"]
[Source "ChessBase"]
[SourceDate "2022.10.05"]
[SourceVersion "1"]
[SourceVersionDate "2022.10.05"]
[SourceQuality "1"]

1. e4 c5 2. Nc3 d6 3. Bc4 Nf6 4. d3 e6 5. Bg5 Be7 6. f4 Nc6 7. Nf3 a6 8. a3 0-0 9. 0-0 b5 10. Bb3 Ng4 11. Bxe7 Qxe7 12. Qe1 Qf6 13. h3 Nh6 14. g4 Qxf4 15. Nd4 Nxd4 16. Rxf4 Nxb3 17. cxb3 f6 18. Qe3 Nf7 19. h4 Bb7 20. Raf1 Rad8 21. g5 fxg5 22. hxg5 Ne5 23. Rxf8+ Rxf8 24. Rxf8+ Kxf8 25. Kf1 Ke7 26. d4 Nd7 27. e5 cxd4 28. exd6+ Kxd6 29. Qxd4+ Ke7 30. Qxg7+ 1-0